000 00602nam a2200229Ia 4500
003 0100
005 20150225020004.0
008 130303s9999 xx 000 0 und d
020 _a3884050699
040 _cARRUPELIB
050 _aB2599.C57K85 1991
100 _aKulstad, Mark
_98322
245 _aLeibniz on apperception, consciousness, and reflection
260 _aMunchen
260 _bPhilosophia
300 _a182p.
300 _b 23cm.
440 _aAnalytica
_98323
650 _aPHILOSOPHY
_98324
650 _aReflection (Philosophy)
_xHistory
_98325
942 _2lcc
_cMONOGRAPH
_01
999 _c7522
_d7522